| 000 | 00519nam a2200181Ia 4500 | ||
|---|---|---|---|
| 008 | 220216s9999 xx 000 0 und d | ||
| 100 | _aPohmer K | ||
| 245 | 0 | _aHigh temperature addition curable silicone rubbers innovations and new developments | |
| 260 |
_bKautschuk Gummi Kunststoffe _c2001 |
||
| 300 | _a368-371 | ||
| 650 | _aHigh consistency rubber | ||
| 650 | _aLiquid injection | ||
| 650 | _aLiquid silicone rubber | ||
| 650 | _aMOulding | ||
| 650 | _aPellets | ||
| 650 | _aSilicone rubber | ||
| 942 | _cJS | ||
| 999 |
_c60405 _d60405 |
||